000 00802nas a2200277 4500
001 BR9901417
003 BR-BrBNA
005 20231205101323.0
007 ta
008 230509b bl.|||p| |||| 00| 00por d
040 _aBR-BrBNA
_bpor
_cBiblioteca Nacional de Agricultura
041 _a(Pt)
072 _aL73
100 1 _aOliveira, A.A. de
100 1 _aPedreira, P.A.S.
100 1 _aDantas, I.A. de C.
245 1 _aAvaliacao de produtos comercial no tratamento das doencas de casco de ovinos
650 _aOvino
650 _aCasco
650 _aPododermite
650 _aTratamento
650 _aMedicamento
773 0 _tRevista Cientifica Rural (Brazil)
_xISSN 1413-8263
_g(1998), v. 3(2) p. 91-98
_wBR9901417
909 _a202311
_bLúcia
_c55
_dLúcia Elande
942 _2AGRIS
_n0
_cANA
999 _c161109
_d161109